000 00591nam a22001817a 4500
005 20250425151522.0
010 _aENG-144776
020 _a9788181523273
_c995.00
035 _aEN-128308
037 _bDBAD/PUB
082 _a158.2
100 _aDhaka,Suresh
_980896
245 _aPersonality Development And Psychology/
_cSuresh Dhaka
260 _aJaipur
_bBook Enclave
_c2013
270 _aF-11, S.S. Tower,Dhamani Street,Chaura Rasta,
_bJaipur
_k1412311900,9414443132
_e302003
_mbookenclave@yahoo.com
300 _av, 280p.
_c22 cm(hbk)
942 _2ddc
_cEN
_h158.2
_mDHA
999 _c211125
_d211125